| 000 | 00457 a2200169 4500 | ||
|---|---|---|---|
| 003 | OSt | ||
| 005 | 20180116182705.0 | ||
| 008 | 160503b xxu||||| |||| 00| 0 eng d | ||
| 020 | _a9971641941 | ||
| 040 | _c0 | ||
| 082 | _a428.2 MIL 1989 | ||
| 100 | _aT.C. Jupp | ||
| 245 |
_aEnglish Sentence Structure _cT.C. Jupp |
||
| 260 |
_aSingapore _bHeinemann Asia A Division of Octopus Publishing Aisa _c1989 |
||
| 300 | _a270 | ||
| 942 |
_aNBS _cBK _k428.2 MIL _2ddc |
||
| 999 |
_c344130 _d344130 |
||